1926 1964 1700 1041 1069 1651 1398 1307 1251 1818 1966 1431 1740 1325 1403 1503 1312 1941 1161 1721 1320 1026 1131 1049 1391 1758 1671 1331 1306 1753 1416 1038 1722 1741 1961 1114 1833 2000 1475 1346 1916 1223 1293 1998 1211 1309 1005 1355 1325 1611 1557 1566 1866 1353 1614 1207 1804 1115 1985 1697 1864 1823 1352 1597 1274 1964 1934 1220 1094 1140 1273 1237 1778 1174 1466 1959 1876 1198 1960 1905 1003 1065 1397 1738 1860 1199 1226 1210 1789 1767 1254 1584 1506 1357 1578 1700 1129 1520 1052 BCNSPRNW ULIB Ver.6.0+V

เปลี่ยนเป็นภาษาไทย

Change to English
 แสดงรายละเอียดบรรณานุกรม
  กลับหน้าหลัก

Brief Record : Get Marc (ISO 2709) : E-mail record : QR code < ปิดหน้าต่าง
LEADER : 00000nam 2200000uu 4500
001    13399121678
003     ULIB
008    121129s2552||||th 000 0 tha d
020    ^a9786115290079
050  4 ^a^WS113 ^bจ195ล
100 0  ^aจอม ชุมช่วย
245 10 ^aเลี้ยงลูกที่ตัวและหัวใจ /^cจอม ชุมช่วย, เขียน ; วชิราวรรณ ทับเสือ,ภาพประกอบ
250    ^aพิมพ์ครั้งที่ 1
260    ^aกรุงเทพฯ :^bอมรินทร์สุขภาพ,^c2552
300    ^a239 หน้า :^bภาพประกอบ ;^c21 ซม
650  7 ^aเด็ก^xการเลี้ยงดู
650  7 ^aเด็ก^xการดูแล
650  7 ^aบิดามารดาและบุตร
650  7 ^aความสัมพันธ์ในครอบครัว
700 0  ^aวชิราวรรณ ทับเสือ ,^eภาพประกอบ
945    ^p199^l0^i17764
995    ^aวิภา
999 ^a ทศพร
รายการนี้ยังไม่มีแท็ก
คุณยังไม่ได้ล็อกอิน คุณสามารถมีกิจกรรมร่วมกับเว็บไซต์ได้ แต่ต้องล็อกอินก่อน ::
  ล็อกอิน

รายการสื่อสารสนเทศ

ลำดับที่ ประเภท เลขเรียก/บาร์โค้ด สถานที่ สถานะ
- ไม่พบข้อมูล -

รายการใกล้เคียง
    ผู้แต่ง [จอม ชุมช่วย]

    หัวเรื่อง [เด็ก การดูแล]
    หัวเรื่อง [บิดามารดาและบุตร]
    หัวเรื่อง [ความสัมพันธ์ในครอบครัว]

BibComment


ยังไม่เคยถูกคอมเมนท์

คอมเมนท์ทรัพยากรรายการนี้
  คอมเมนท์: เลี้ยงลูกที่ตัวแ..


 Copyright 2026. Bcnsprnw @Library